000
00208 a2200097 4500
001
33421
100
_a
Kendal,B
245
_a
Manual of Avionics
260
_a
UK
_b
Blackwell Science
_c
090
_c
22274
_d
22274
942
_a
NUST-CAE
_c
M
_c
13641
999
_c
268494
_d
268494